[Event "22nd OIBM 2018"]
[Site "Gmund am Tegernsee"]
[Date "2018.11.01"]
[Round "6"]
[White "Hess, Max"]
[Black "Schoenberger, Peter"]
[Result "0-1"]
[WhiteElo "2326"]
[BlackElo "2081"]
[Annotator "TA"]
[PlyCount "110"]
[EventDate "2018.10.27"]
[EventType "swiss"]
[EventCountry "GER"]
[SourceTitle "playchess.com"]
[Source "ChessBase"]
[SourceQuality "1"]

{[%evp 13,110,27,55,23,38,50,53,14,101,14,28,-6,56,54,50,60,77,63,111,8,23,-42,0,-59,0,-11,0,-5,-12,-17,50,-135,-82,-80,-88,-57,-36,-56,0,-16,14,12,11,7,0,-26,-18,-29,0,0,-24,-8,-11,-24,-27,-27,-25,-42,-47,-62,-27,-162,-148,-317,-160,-329,0,0,0,0,0,0,0,-75,-15,-151,-124,-365,-351,-345,-327,-782,-782,-1387,-1377,-1471,-854,-847,-827,-1087,-785,-5023,-5220,-29987,-29988,-29988,-29985,-29985,-485]} 1. d4 Nf6 2. c4 g6 3. Nc3 Bg7 4. e4 d6 5. Be2 O-O 6. Be3 Nc6 7. d5 Nb8 {LiveBook: 3 Partien. E73: Königsindisch (Awerbach-Angriff)} (7... Ne5 8. f4 Neg4 9. Bd2 Nh6 10. Nf3 c6 11. O-O cxd5 12. cxd5 b5 13. Bd3 b4 14. Na4 Bd7 15. Kh1 {1-0 (62) Sokolov,I (2623)-Van Foreest,J (2615) Hoogeveen 2016}) 8. g4 c6 9. g5 Ne8 {Weiß steht etwas besser.} 10. Qd2 $146 ({Vorgänger:} 10. h4 cxd5 11. cxd5 e6 12. h5 exd5 13. Nxd5 Bxb2 14. hxg6 hxg6 15. Bc4 Nc6 16. f4 Qa5+ 17. Kf1 Ng7 18. Bd4 Bxd4 19. Qxd4 Nh5 20. Nf6+ Kh8 21. Nxh5+ {1-0 (21) Trevelyan,J (2162)-Bennion,D (2054) Swansea 2002}) 10... a6 (10... f5 $11) 11. a4 (11. h4 $16) 11... Qa5 12. Ra3 e6 (12... Nd7 $11) 13. h4 $14 exd5 14. cxd5 Nd7 15. h5 Nc5 16. f3 (16. Rh4 $16) 16... Qb4 $11 17. hxg6 (17. Kf1 $11) 17... fxg6 $15 18. Bd1 cxd5 19. Nxd5 Qxd2+ 20. Kxd2 {Schwarz muss nun b4 beachten.} Bxb2 21. Ra2 Bg7 (21... Be5 $11 22. Bxc5 dxc5) 22. Nb6 $2 (22. Ne7+ $14 {behält die Oberhand.} Kf7 23. Nxc8 Rxc8 24. Rxh7) 22... Rb8 ({Günstiger ist} 22... Be6 23. Nxa8 Bxa2) 23. Nxc8 $17 Rxc8 24. Nh3 Be5 25. f4 Bg7 26. Nf2 b5 27. axb5 axb5 28. Bg4 Rc6 29. Bf3 Nb3+ 30. Ke2 Bd4 {zielt auf ...Lxe3 ab.} 31. e5 Rc3 32. Bd5+ Kh8 33. Nd1 Nc1+ 34. Bxc1 $1 Rxc1 35. e6 Nc7 ({Vergiftet wäre} 35... Rxf4 $2 36. Ra8 $18) 36. Bb3 $1 d5 37. Kd2 {[#]} (37. e7 $11 {und Weiss steht sicher.} Re8 38. Kd3) 37... Rc6 $1 $19 38. Kd3 $2 (38. Rc2 $17 Bc5 39. e7) 38... Bb6 ({Nicht} 38... Rxe6 39. Kxd4 Rxf4+ 40. Kc3 $11) (38... Nxe6 39. Bxd5 Rd6 40. Bxe6 $19) (38... Bc5 $19 39. e7 Bxe7) 39. Rah2 $2 (39. e7 $17 Rxf4 {[#]} 40. Ra8+ $1 {[%mdl 512]} Kg7 41. e8=Q Nxe8 42. Rxe8 Rf3+ 43. Ne3 Rxe3+ 44. Rxe3 Bxe3 45. Kxe3 Rc3+ 46. Kd4 Rxb3 47. Rg1) 39... Rxe6 $2 (39... h5 $19 40. Rf1 Nxe6) 40. Rxh7+ $11 Kg8 41. Nc3 Re3+ 42. Kd2 Rxf4 {Droht stark ...Tf2+.} 43. R1h2 (43. Bxd5+ $11 Nxd5 44. Nxd5 Rf2+ 45. Kc1) 43... Ref3 (43... Re5 $17 {...La5 ist eine echte Drohung.} 44. Kc2 Ba5 45. Rxc7 Bxc7 46. Nxd5 Kg7 47. Nxf4 Rc5+ 48. Kd3 Bxf4) 44. Ne2 (44. Nxd5 $11 {bleibt in der Remisbreite.} Rf2+ 45. Kd1 Nxd5 46. Bxd5+ Kf8 47. Rxf2 Bxf2 48. Kc2) 44... Rb4 45. Rxc7 $2 (45. Rh8+ $17 Kf7 46. R2h7+ Ke6 47. Rg8 Rbxb3 48. Rxg6+ Kf5 49. Rxb6 Rb2+ 50. Kc1 Rxe2 51. Rf6+ Kg4 52. Rxf3 Kxf3 53. Rxc7) 45... Bxc7 $19 46. Bxd5+ Kg7 47. Rg2 $2 (47. Bxf3 Bxh2 48. Bc6) 47... Rf5 48. Be6 Re5 49. Bc8 Bd8 50. Bb7 Bxg5+ 51. Kc2 Rc4+ 52. Kb1 Bf6 53. Ng3 Re1+ {Schwarz setzt Matt.} 54. Ka2 Ra4+ 55. Kb3 Re3+ {Precision: Weiß = 25%, Schwarz = 31%.} (55... Rb1+ $142 56. Kc2 Rb2+ 57. Kd3 Ra3+ 58. Ke4 Rxg2 59. Kd5 Rgxg3 60. Bc6 Rgc3 61. Bb7 b4 62. Kd6 b3 63. Be4 Ra4 64. Bd5 b2 65. Kd7 b1=Q 66. Bc6 Rd4+ 67. Kc7 Be5+ 68. Kc8 Rxc6#) 0-1

[Event "22nd OIBM 2018"]
[Site "Gmund am Tegernsee"]
[Date "2018.11.01"]
[Round "6"]
[White "Schnepp, Gunnar"]
[Black "Dietzsch, Herbert"]
[Result "1-0"]
[WhiteElo "2320"]
[BlackElo "2076"]
[Annotator "TA"]
[PlyCount "119"]
[EventDate "2018.10.27"]
[EventType "swiss"]
[EventCountry "GER"]
[SourceTitle "playchess.com"]
[Source "ChessBase"]
[SourceQuality "1"]

{[%evp 21,119,32,51,16,43,13,31,13,2,9,26,26,29,29,33,22,24,0,56,53,50,45,153,143,179,112,211,202,195,170,318,287,347,334,399,262,425,402,357,371,321,350,596,589,589,607,602,602,594,603,573,510,621,480,469,434,612,473,536,566,558,512,485,320,557,512,603,519,1527,541,518,356,536,451,578,574,571,564,808,806,724,647,640,640,640,640,639,595,870,809,791,790,2300,1927,5135,4132,5639,1231,29995,29996]} 1. d4 Nf6 2. Nf3 d5 3. c4 e6 4. Nc3 c6 5. e3 Nbd7 6. Bd3 Be7 7. O-O O-O 8. e4 dxe4 9. Nxe4 Nxe4 10. Bxe4 c5 11. Bc2 {D46: Semi-Slav: 5 e3 Nbd7 6 Bd3, Black avoids the Meran} cxd4 {LiveBook: 6 Games} 12. Qd3 $146 {[%csl Gc2][%cal Rd3h7] [#]} (12. Qxd4 {with more complications.} Bf6 13. Qe4 g6 14. Bh6 Re8 15. Rad1) ({Predecessor:} 12. Qxd4 Qa5 13. Rd1 Re8 14. Bd2 Qc5 15. Qd3 Qh5 16. b4 Nf8 17. Bc3 Bd7 18. Ne5 Red8 {1-0 (33) Kempinski,R (2599)-Simacek,P (2486) Czechia 2013}) 12... g6 13. Qxd4 {White is slightly better.} Bf6 14. Qe4 Nc5 15. Qe2 Qc7 16. Bh6 Rd8 17. Rad1 Rxd1 18. Rxd1 Bd7 19. Ng5 Be8 (19... Bxb2 $11 20. Bxg6 hxg6 21. Qxb2 e5) 20. b4 $14 Qe7 21. Qe3 (21. bxc5 Bxg5 22. Bxg5 Qxg5 $15) 21... Nd7 {[#]} (21... Ba4 $14) 22. Ne4 $1 $36 {[%mdl 2048] Keeping Black busy.} Bh8 23. c5 ({Better is} 23. Nd6 $18) 23... Ne5 (23... Nf6 $16) 24. Bg5 $18 f6 25. Bh4 g5 (25... Nf7 {keeps fighting.} 26. Nd6 Nxd6) 26. Bg3 Nf7 27. h4 h6 28. Nd6 Nxd6 $2 (28... Rd8 {was necessary.} 29. hxg5 hxg5 30. Nxe8 Rxd1+ 31. Bxd1 Qxe8) 29. Rxd6 ({Weaker is} 29. cxd6 Qf7 $18) 29... Bf7 30. Qd3 ({But not} 30. hxg5 hxg5 31. Qd3 f5 $18) 30... f5 31. Rd7 Qe8 $2 (31... Qf6 {is a better defense.} 32. hxg5 hxg5 33. Rxb7 Qa1+ 34. Kh2 Qd4) 32. hxg5 hxg5 33. Rxb7 Qc8 34. Rc7 Qf8 35. Bd6 Qg7 36. Bb3 g4 37. Re7 Qa1+ 38. Qf1 Qd4 (38... Qb2 $142 39. c6 Bf6) 39. Qe2 {And now Rxf7 would win.} Qa1+ 40. Kh2 Bf6 41. Rb7 ({Not} 41. Rxf7 Kxf7 42. Qxe6+ Kg6 $16) 41... Re8 42. g3 Qc1 $2 (42... Kg7 {was called for.} 43. Kg2 Kg6 44. Rxa7 Rh8) 43. Bf4 Qa1 44. Kg2 Kg7 (44... Qc3 $142 45. Bd2 Qb2) 45. Bd2 (45. Bxe6 $142 Qc3 46. Rxf7+ Kg6 47. Rxa7 Qf3+ 48. Qxf3 gxf3+ 49. Kxf3 Rxe6 50. b5) 45... Kg6 46. Qe1 Qd4 (46... Qxe1 {might work better.} 47. Bxe1 Re7) 47. Qe3 {[%csl Gd2][%cal Re3h6]} f4 48. Bc2+ Kg7 49. Qxf4 Qd5+ 50. Be4 {White threatens Qh6+ and mate.} Qh5 51. Qh6+ Qxh6 52. Bxh6+ Kxh6 53. Rxf7 {[%mdl 4096] Endgame KRB-KRB} Bc3 54. a3 a5 55. b5 {[%cal Bb4b5,Bb5b6][%mdl 32]} Bd4 56. c6 Bb6 57. Rb7 Bc5 58. b6 Rd8 59. f4 (59. c7 $142 Rf8 60. Rb8 Bxb6 61. Rxb6) 59... Rd2+ 60. Kf1 {Precision: White = 58%, Black = 22%.} 1-0

[Event "22nd OIBM 2018"]
[Site "Gmund am Tegernsee"]
[Date "2018.11.01"]
[Round "6"]
[White "Schuster, Karsten"]
[Black "Bohnhoff, Peter"]
[Result "1-0"]
[WhiteElo "2283"]
[BlackElo "2065"]
[Annotator "ChessBase"]
[PlyCount "71"]
[EventDate "2018.10.27"]
[EventType "swiss"]
[EventCountry "GER"]
[SourceTitle "playchess.com"]
[Source "ChessBase"]
[SourceQuality "1"]
[TimeControl "40/5400+30:1800+30"]

1. d4 {[%emt 0:00:00]} f5 {[%emt 0:00:00]} 2. c4 {[%emt 0:00:00]} Nf6 {[%emt 0:00:00]} 3. g3 {[%emt 0:00:00]} g6 {[%emt 0:00:06]} 4. Bg2 {[%emt 0:00:03]} Bg7 {[%emt 0:00:15]} 5. Nf3 {[%emt 0:00:05]} d6 {[%emt 0:00:19]} 6. O-O {[%emt 0:00:06]} O-O {[%emt 0:00:12]} 7. Nc3 {[%emt 0:00:28]} c6 {[%emt 0:00:37]} 8. b3 {[%emt 0:00:13]} Na6 {[%emt 0:02:02]} 9. Bb2 {[%emt 0:01:34]} Qc7 {[%emt 0:04:04]} 10. Re1 {[%emt 0:04:58]} e5 {[%emt 0:21:25]} 11. dxe5 {[%emt 0:10:45]} dxe5 {[%emt 0:00:16]} 12. e4 {[%emt 0:00:14]} Nc5 {[%emt 0:08:37]} 13. exf5 {[%emt 0:09:25]} e4 {[%emt 0:09:35]} 14. Ng5 {[%emt 0:15:54]} gxf5 {[%emt 0:01:57]} 15. Bf1 {[%emt 0:06:26]} h6 {[%emt 0:04:31]} 16. Nh3 {[%emt 0:01:46]} Be6 {[%emt 0:01:47]} 17. Nf4 {[%emt 0:00:41]} Rad8 {[%emt 0:03:05]} 18. Qc2 {[%emt 0:02:31]} Bc8 {[%emt 0:01:32]} 19. Ba3 {[%emt 0:05:41]} b6 {[%emt 0:03:25]} 20. Rad1 {[%emt 0:06:23]} Rfe8 {[%emt 0:05:02]} 21. Bh3 {[%emt 0:02:52]} Ne6 {[%emt 0:05:20]} 22. Nxe6 {[%emt 0:06:06]} Bxe6 {[%emt 0:00:21]} 23. Ne2 {[%emt 0:00:28]} c5 {[%emt 0:05:24]} 24. Nf4 {[%emt 0:00:29]} Bc8 {[%emt 0:06:32]} 25. Bb2 {[%emt 0:00:50]} Qf7 {[%emt 0:05:24]} 26. Rxd8 {[%emt 0:04:18]} Rxd8 {[%emt 0:00:06]} 27. Rd1 {[%emt 0:00:07]} Rxd1+ {[%emt 0:01:18]} 28. Qxd1 {[%emt 0:00:05]} Qd7 {[%emt 0:04:12]} 29. Qa1 {[%emt 0:01:57]} Qf7 {[%emt 0:02:29]} 30. Be5 {[%emt 0:04:28]} Nh7 {[%emt 0:02:31]} 31. Nd5 {[%emt 0:02:20]} Ng5 {[%emt 0:00:43]} 32. Bg2 {[%emt 0:00:16]} Bb7 {[%emt 0:01:14]} 33. h4 {[%emt 0:06:57]} Ne6 {[%emt 0:00:11]} 34. Nf6+ {[%emt 0:00:54]} Kf8 {[%emt 0:00:46]} 35. Bh3 {[%emt 0:01:27]} Nd4 {[%emt 0:00:26]} 36. Bd6+ {[%emt 0:02:07]} 1-0

[Event "22nd OIBM 2018"]
[Site "Gmund am Tegernsee"]
[Date "2018.11.01"]
[Round "6"]
[White "Zeier, Klaus"]
[Black "Staudacher, Thomas"]
[Result "1-0"]
[WhiteElo "2228"]
[BlackElo "2004"]
[Annotator "NA"]
[PlyCount "61"]
[EventDate "2018.10.27"]
[EventType "swiss"]
[EventCountry "GER"]
[SourceTitle "playchess.com"]
[Source "ChessBase"]
[SourceQuality "1"]
[TimeControl "40/5400+30:1800+30"]

1. e4 {[%emt 0:00:00]} c5 {[%emt 0:00:00]} 2. Nf3 {[%emt 0:00:00]} d6 {[%emt 0:00:00]} 3. Bb5+ {[%emt 0:00:00]} Nd7 {[%emt 0:00:00]} 4. d4 {[%emt 0:00:45]} a6 {[%emt 0:01:04]} 5. Bxd7+ {[%emt 0:00:32]} Bxd7 {[%emt 0:00:03]} 6. c4 {[%emt 0:07:32]} cxd4 {[%emt 0:00:52]} 7. Qxd4 {[%emt 0:00:24]} e5 {[%emt 0:04:18]} 8. Qd3 {[%emt 0:01:38]} h6 {[%emt 0:05:34]} 9. Nc3 {[%emt 0:00:34]} Nf6 {[%emt 0:00:16]} 10. O-O {[%emt 0:01:30]} Be7 {[%emt 0:04:08]} 11. b3 {[%emt 0:02:21]} Rc8 {[%emt 0:06:09]} 12. Rd1 {[%emt 0:03:25]} O-O {[%emt 0:10:05]} 13. a4 {[%emt 0:09:54]} Be6 {[%emt 0:11:42]} 14. h3 {[%emt 0:20:28]} Qc7 {[%emt 0:14:50]} 15. Be3 {[%emt 0:00:51]} b6 {[%emt 0:08:50]} 16. Nh4 {[%emt 0:07:03]} Rfd8 {[%emt 0:06:32]} 17. Nf5 {[%emt 0:02:27]} Bxf5 {[%emt 0:07:09]} 18. exf5 {[%emt 0:00:03]} Qc6 {[%emt 0:00:46]} 19. Rac1 {[%emt 0:04:53]} Kf8 {[%emt 0:04:14]} 20. Qe2 {[%emt 0:01:28]} Qb7 {[%emt 0:02:07]} 21. Nd5 {[%emt 0:01:12]} Nxd5 {[%emt 0:02:35]} 22. Rxd5 {[%emt 0:00:04]} Bf6 {[%emt 0:03:18]} 23. Rcd1 {[%emt 0:00:26]} Ke7 {[%emt 0:03:14]} 24. Bd2 {[%emt 0:02:36]} Rc5 {[%emt 0:00:34]} 25. Rd3 {[%emt 0:00:11]} a5 {[%emt 0:01:17]} 26. Bc1 {[%emt 0:00:11]} e4 {[%emt 0:01:13]} 27. Ba3 {[%emt 0:01:17]} Be5 {[%emt 0:00:23]} 28. R3d2 {[%emt 0:01:06]} Rcc8 {[%emt 0:00:40]} 29. Rd5 {[%emt 0:00:13]} Kf6 {[%emt 0:00:57]} 30. Qxe4 {[%emt 0:00:56]} Re8 {[%emt 0:00:13]} 31. Rxd6+ {[%emt 0:00:49]} 1-0

[Event "22nd OIBM 2018"]
[Site "Gmund am Tegernsee"]
[Date "2018.11.01"]
[Round "6"]
[White "Pieper, Thomas"]
[Black "Noack, Mario"]
[Result "1-0"]
[WhiteElo "2213"]
[BlackElo "1949"]
[Annotator "NA"]
[PlyCount "77"]
[EventDate "2018.10.27"]
[EventType "swiss"]
[EventCountry "GER"]
[SourceTitle "playchess.com"]
[Source "ChessBase"]
[SourceQuality "1"]
[TimeControl "40/5400+30:1800+30"]

1. e4 {[%emt 0:05:32]} c6 {[%emt 0:00:00]} 2. d4 {[%emt 0:00:37]} d5 {[%emt 0:00:00]} 3. Nc3 {[%emt 0:00:05]} dxe4 {[%emt 0:00:06]} 4. Nxe4 {[%emt 0:00:05]} Bf5 {[%emt 0:00:15]} 5. Ng3 {[%emt 0:00:15]} Bg6 {[%emt 0:00:15]} 6. h4 {[%emt 0:00:18]} h6 {[%emt 0:00:07]} 7. Nf3 {[%emt 0:00:18]} Nd7 {[%emt 0:00:28]} 8. h5 {[%emt 0:00:07]} Bh7 {[%emt 0:00:14]} 9. Bd3 {[%emt 0:00:04]} Bxd3 {[%emt 0:00:10]} 10. Qxd3 {[%emt 0:00:05]} e6 {[%emt 0:00:32]} 11. Qe2 {[%emt 0:02:24]} Qc7 {[%emt 0:04:32]} 12. Bd2 {[%emt 0:00:45]} Ngf6 {[%emt 0:00:49]} 13. O-O-O {[%emt 0:00:39]} O-O-O {[%emt 0:00:29]} 14. Ne5 {[%emt 0:00:21]} Nb6 {[%emt 0:02:10]} 15. c4 {[%emt 0:00:09]} c5 {[%emt 0:13:12] B19: Classical Caro-Kann: 4...Bf5 main line} (15... Rxd4 16. Be3 Rxd1+ 17. Rxd1 Rg8 18. f4 Kb8 19. Qd3 Nc8 20. Qd8 Bd6 21. Qxc7+ Bxc7 22. Nxf7 Ng4 23. Bd2 Rf8 24. Ne5 Nxe5 25. fxe5 Bxe5 {0-1 (40) Petrosian,T (2568)-Khalifman,A (2662) Moscow 2005 CBM 106 [Lukacs,P]}) 16. Bf4 {[%emt 0:17:43]} Bd6 {[%emt 0:04:05]} 17. dxc5 {[%emt 0:00:37]} Qxc5 {[%emt 0:03:31]} 18. Kb1 {[%emt 0:19:17]} Bxe5 {[%emt 0:04:43]} 19. Bxe5 {[%emt 0:03:25]} Rxd1+ {[%emt 0:02:09]} 20. Rxd1 {[%emt 0:00:06]} Rd8 {[%emt 0:00:24]} 21. Rxd8+ {[%emt 0:01:17]} Kxd8 {[%emt 0:00:22]} 22. b3 $146 {[%emt 0:17:32]} ({Predecessor:} 22. Bxf6+ gxf6 23. Qd2+ Nd7 24. Ne4 Qxc4 25. Nxf6 Qf1+ 26. Kc2 Qc4+ 27. Kb1 {½-½ (28) Alavkin,A (2493)-Vorontsov,N (2300) Nabereznye Chelny 2007}) 22... Nbd7 {[%emt 0:02:34]} 23. Bb2 {[%emt 0:00:31]} Nxh5 {[%emt 0:04:33]} 24. Nxh5 {[%emt 0:00:41]} g6 {[%emt 0:02:12]} 25. Ng3 {[%emt 0:04:07]} h5 {[%emt 0:00:27]} 26. a3 {[%emt 0:01:10]} h4 {[%emt 0:01:25]} 27. Ne4 {[%emt 0:00:16]} Qf5 {[%emt 0:00:33]} 28. Ka2 {[%emt 0:00:27]} Ke7 $18 {[%emt 0:02:48]} 29. Qd3 {[%emt 0:05:55]} Qf4 {[%emt 0:02:46]} 30. g3 {[%emt 0:02:01]} hxg3 {[%emt 0:00:45]} 31. fxg3 {[%emt 0:00:05]} Qc7 {[%emt 0:00:51]} 32. Qd4 {[%emt 0:00:52]} e5 {[%emt 0:01:18]} 33. Qxa7 {[%emt 0:01:01]} f5 {[%emt 0:00:21]} 34. Nc3 {[%emt 0:00:16]} Qc6 {[%emt 0:03:14]} 35. Nd5+ {[%emt 0:00:15]} Ke6 {[%emt 0:01:21]} 36. Qa8 {[%emt 0:00:59]} Nf6 {[%emt 0:01:24]} 37. Qh8 {[%emt 0:01:12]} Kf7 {[%emt 0:02:55]} 38. Qd8 {[%emt 0:02:00]} b5 {[%emt 0:03:23]} 39. Qe7+ {[%emt 0:00:25]} 1-0

[Event "22nd OIBM 2018"]
[Site "Gmund am Tegernsee"]
[Date "2018.11.01"]
[Round "6"]
[White "Moeldner, Juergen"]
[Black "Zanan, Evgeny"]
[Result "0-1"]
[WhiteElo "2209"]
[BlackElo "2514"]
[Annotator "TA"]
[PlyCount "90"]
[EventDate "2018.10.27"]
[EventType "swiss"]
[EventCountry "GER"]
[SourceTitle "playchess.com"]
[Source "ChessBase"]
[SourceQuality "1"]

{[%evp 14,90,33,-25,-8,-9,6,1,20,-19,-18,-34,-29,-107,-110,-112,-87,-93,-64,-67,-60,-48,-64,-60,0,0,-19,-111,-104,-118,-122,-126,-40,-112,-118,-119,-135,-117,-130,-122,-131,-123,-113,-145,-138,-236,-226,-223,-231,-237,-222,-266,-239,-218,-190,-246,-229,-258,-271,-316,-258,-379,-341,-440,-439,-424,-506,-462,-685,-656,-653,-1866,-1697,-1189,-1136,-2107,-2439,-12841,-12841]} 1. e4 c5 2. Nf3 e6 3. d4 cxd4 4. Nxd4 Nc6 5. Nc3 Qc7 6. g3 a6 7. Bg2 Nf6 8. Nde2 {LiveBook: 8 Games. B47: Sicilian: Taimanov: 5 Nc3 Qc7 6 f4, 6 g3 and 6 Be2} (8. O-O $14) (8. O-O Be7 9. Re1 O-O 10. Nxc6 dxc6 11. e5 Rd8 12. Qe2 Nd5 {½-½ (12) Mamedov,R (2708)-Andreikin,D (2702) Minsk 2018}) 8... Bc5 9. O-O h5 10. Bf4 {The position is equal.} Ne5 11. Nd4 $146 ({Predecessor:} 11. h3 d6 12. Kh2 Bd7 13. Nc1 Rd8 14. Nd3 Ba7 15. Qe2 Bd4 16. Nd1 Bc6 {0-1 (59) Nguyen,D-Tran,T (2233) Hue 2005}) 11... d6 12. Nb3 Ba7 13. a4 {[#]} (13. h3 $11 {remains equal.}) 13... h4 $1 $17 14. Qe2 hxg3 15. hxg3 Nfg4 16. Nd1 Bd7 17. Ne3 Nf6 {[%cal Bg4f6,Bf6h5,Bh5g3][%mdl 32]} 18. Rfd1 Nh5 19. Bxe5 $1 dxe5 20. Nc4 (20. Nd2 $11) 20... Nxg3 $1 21. Qd3 {[#]} Nh5 $1 {[%cal Rh5f4]} 22. Nxe5 {[%cal Rd3d7]} Rd8 (22... Bc8 $17 {Threatens to win with ...Nf4.} 23. Qd2 O-O) 23. Nxd7 ({Better is} 23. Qd6 $1 $15 Qxd6 24. Rxd6) 23... Nf4 24. Qd6 Rxd7 $40 {[%mdl 128] Black is out for blood.} 25. Qxd7+ Qxd7 26. Rxd7 Kxd7 27. Rd1+ Kc7 28. Rd2 Rh4 {And now ...Rg4 would win.} 29. Kf1 (29. Bf1 $17) 29... Nxg2 $19 30. Kxg2 Rxe4 {[%mdl 4096] Endgame KRB-KRN} 31. a5 g5 32. c3 f5 33. Nc1 Bc5 34. Ne2 (34. Rd1 {might work better.}) 34... g4 35. Ng3 Re1 36. Nh5 Be7 37. Ng7 (37. f3 $142) 37... Kc6 38. b4 Bf6 {Black is clearly winning.} 39. Ne8 Be5 40. c4 f4 (40... Re4 $142 41. b5+ axb5 42. cxb5+ Kxb5) 41. f3 g3 {[%cal Bg4g3,Bg3g2][%mdl 32]} 42. Kh3 Rh1+ 43. Kg4 Rh8 44. Re2 Rxe8 45. Rxe5 g2 {Precision: White = 40%, Black = 64%.} 0-1

[Event "22nd OIBM 2018"]
[Site "Gmund am Tegernsee"]
[Date "2018.11.01"]
[Round "6"]
[White "Nagel, Bernhard"]
[Black "Stefansson, Hannes"]
[Result "0-1"]
[WhiteElo "2191"]
[BlackElo "2502"]
[Annotator "TA"]
[PlyCount "112"]
[EventDate "2018.10.27"]
[EventType "swiss"]
[EventCountry "GER"]
[SourceTitle "playchess.com"]
[Source "ChessBase"]
[SourceQuality "1"]

{[%evp 14,112,4,13,31,33,35,0,25,31,35,45,44,41,52,53,50,8,11,10,44,15,14,14,30,30,26,22,22,22,29,10,23,22,31,28,15,0,0,0,0,0,0,0,0,0,0,0,0,0,0,0,0,0,0,0,8,3,8,-8,0,-13,-32,-32,8,8,8,8,8,-12,-12,-33,-26,-26,0,-28,-4,-114,-103,-114,-114,-1959,-1904,-1612,-1702,-1695,-1681,-1289,-1227,-1384,-1384,-1294,-1281,-1061,-947,-5141,-5106,-1576,-683,-12689,-12359]} 1. d4 Nf6 2. c4 b6 3. Nc3 Bb7 4. Bg5 e6 5. Nf3 h6 6. Bh4 Bb4 7. Qc2 g5 8. Bg3 {LiveBook: 90 Partien} d6 {E13: Damenindisch (5.Lg5)} (8... Ne4 9. e3 Bxc3+ 10. bxc3 d6 11. Bd3 f5 12. d5 Qf6 13. Bxe4 fxe4 14. Qxe4 Qxc3+ 15. Ke2 Qb2+ 16. Nd2 Qf6 17. h4 g4 18. h5 Nd7 19. Bh4 Qf5 20. Qxf5 exf5 {0-1 (34) Tang,A (2513)-Nakamura,H (2781) chess.com INT 2018}) 9. Nd2 Nbd7 10. e3 $146 ({Vorgänger:} 10. O-O-O Nh5 11. e3 Bxc3 12. Qxc3 Qf6 13. f3 Nxg3 14. hxg3 O-O-O 15. Bd3 Kb8 16. g4 c5 17. Kb1 d5 18. cxd5 cxd4 19. exd4 Bxd5 20. Rc1 Qf4 21. Ba6 Nf6 22. Rxh6 Bb7 23. Rxf6 {1-0 (23) Benjamin,J (2583)-Arnold,M (2408) Philadelphia 2009}) 10... Qe7 {Die Stellung ist ausgeglichen.} 11. f3 e5 {[#] Und weiter mit ...exd4 wäre nett.} 12. O-O-O Bxc3 13. Qxc3 e4 14. Be2 exf3 15. Bxf3 O-O-O 16. Rhf1 Rhf8 17. Qd3 Rde8 18. Rde1 Ne4 19. Nxe4 Bxe4 20. Bxe4 Qxe4 21. Qxe4 Rxe4 22. Kd2 f6 23. Kd3 Rfe8 24. h3 R4e6 25. b4 c5 26. d5 Re4 27. Bxd6 {Und a3 würde nun gewinnen.} cxb4 28. Rf3 a5 29. g4 Kb7 30. Rc1 Ka6 31. Rc2 Kb7 32. Rc1 h5 33. Rg3 Ka6 34. Rc2 hxg4 35. hxg4 b5 36. c5 $132 {[%mdl 2048] Weiss is not keeping still} a4 $1 37. c6 Nb6 38. c7 {[#] zielt auf Tc6 ab.} Kb7 39. Rc5 b3 $1 {[%cal Rb3a2]} 40. axb3 a3 {...a2 ist eine echte Drohung.} 41. c8=Q+ Nxc8 42. Rxc8 Kxc8 43. Bxa3 $11 {[%mdl 4096] Endspiel KTT-KTL} Kd7 {Droht stark ...T4e5.} 44. Bb2 Rb4 45. Bxf6 (45. Kc3 $1 $11 {bleibt in der Remisbreite.} Rbe4 46. Kd3) 45... Rxb3+ $17 46. Kd4 Rb4+ 47. Kc5 $2 {[%mdl 8192]} (47. Kd3 $17) 47... Rc4+ $19 {Schwarz steht klar auf Gewinn.} 48. Kxb5 Rc2 {( -> ...Tb8+)} 49. Bd4 Rb8+ 50. Bb6 Rb2+ 51. Kc5 R2xb6 52. Rh3 Rb5+ 53. Kd4 Rb4+ 54. Ke5 Re8+ 55. Kf5 Kd6 56. Rg3 Re5+ {Precision: Weiß = 52%, Schwarz = 62%.} 0-1

[Event "22nd OIBM 2018"]
[Site "Gmund am Tegernsee"]
[Date "2018.11.01"]
[Round "6"]
[White "Kraich, Klaus"]
[Black "Baldauf, Marco"]
[Result "0-1"]
[WhiteElo "2180"]
[BlackElo "2472"]
[Annotator "TA"]
[PlyCount "88"]
[EventDate "2018.10.27"]
[EventType "swiss"]
[EventCountry "GER"]
[SourceTitle "playchess.com"]
[Source "ChessBase"]
[SourceQuality "1"]

{[%evp 11,88,-2,0,-36,-26,-25,-20,-21,-27,-36,-27,-37,-47,-85,-77,-86,-84,-125,-82,-89,-94,-91,0,-95,-64,-74,-32,-25,-36,-49,-51,-54,-52,-61,-56,-67,-55,-62,-59,-75,-43,-72,-76,-66,-47,-86,-47,-131,-84,-140,-122,-112,-52,-117,-95,-108,-96,-97,-98,-105,-109,-95,-100,-175,-164,-347,-318,-393,-372,-324,-362,-675,-501,-983,-491,-1177,-337,-912,-905]} 1. Nf3 g6 2. c4 Bg7 3. g3 c5 4. Bg2 Nc6 5. O-O e6 6. e4 {A30: Symmetrical English: Double Fianchetto and Hedgehog} (6. Nc3 Nge7 7. a3 d5 8. cxd5 exd5 9. b4 d4 10. Ne4 d3 11. Rb1 cxb4 12. axb4 Bf5 13. Nh4 dxe2 14. Qxe2 Nd4 15. Qd1 {½-½ (44) Van Wely,L (2656)-Vachier Lagrave,M (2793) chess.com INT 2018}) 6... Nge7 {LiveBook: 6 Games} 7. Qe2 O-O 8. d3 {Black has an edge.} d6 9. Nc3 a6 {[%cal Ba7a6,Ba6b5,Bb5b4][%mdl 32]} 10. Bg5 $146 ({Predecessor:} 10. Be3 Nd4 11. Qd2 Nec6 12. Bh6 Nxf3+ 13. Bxf3 Bxh6 14. Qxh6 Qf6 {½-½ (14) Vedral,O (2303)-Haba,Z (2252) Czechia 2010}) 10... Rb8 11. Rac1 b5 12. cxb5 axb5 13. Qd2 b4 14. Nd1 {[%cal Bc3d1,Bd1e3,Be3c4][%mdl 32]} Ra8 15. Ra1 Na5 {White must now prevent ...Nb3!} 16. Rb1 Nac6 17. Ra1 $1 Re8 18. Bh6 Bh8 19. Ne3 Bd7 20. Bg5 f6 21. Bh6 e5 22. Qc1 Be6 23. Nc4 Ra6 24. a3 Qd7 25. Qc2 Rb8 26. Be3 Bg7 27. Nfd2 f5 28. Qd1 Rf8 {aiming for ...f4.} 29. f3 ({White should try} 29. Nb3 $15) 29... bxa3 30. bxa3 (30. Rxa3 $142 Rxa3 31. bxa3) 30... Nd4 31. Bxd4 exd4 (31... cxd4 $17 32. Re1 Qc7) 32. Qc2 ({Better is} 32. Qb3 $15) 32... f4 33. Rfb1 d5 34. Nb6 Qc6 35. Nxd5 Nxd5 36. exd5 Bxd5 ({But not} 36... Qxd5 $6 37. Rb5 $11) 37. Rc1 (37. g4 $17) 37... fxg3 $19 38. hxg3 $2 (38. Qxc5 gxh2+ 39. Kh1) 38... Bh6 39. Rf1 Be3+ 40. Kh2 g5 41. Ne4 $2 (41. Bh3) 41... c4 42. dxc4 (42. Bh3 $142 cxd3 43. Qxd3) 42... Bxc4 (42... Qc8 $142 {( -> ...Rh6+)} 43. Bh3 Rh6) 43. Rf2 (43. Nxg5 $142 d3 44. Qc3 Bxg5 45. f4) 43... Bxf2 $2 (43... d3 44. Qd1 {[#]} Qxe4 $1 {[%mdl 512]}) 44. Qxf2 $2 {[#]} (44. Nxf2 Bd5 45. Qd2 Qh6+ 46. Kg1) 44... Qxe4 $1 {[%mdl 512] Precision: White = 33%, Black = 60%.} 0-1